000
00262nam a2200109Ia 4500
008
240625s9999 xx 000 0 und d
041
_a
eng
082
_a
300.72 CHA
100
_a
CHAWLA DEEPAK
245
_a
RESEARCH METHODOLOGY CONCEPTS AND CASES
260
_c
2011
999
_c
35197
_d
35197